| 000 | 01010nas a2200277 4500 | ||
|---|---|---|---|
| 001 | BR9200779 | ||
| 003 | BR-BrBNA | ||
| 005 | 20231205092314.0 | ||
| 007 | ta | ||
| 008 | 230509b bl.|||p| |||| 00| 00por d | ||
| 040 |
_aBR-BrBNA _bpor _cBiblioteca Nacional de Agricultura |
||
| 041 | _a(Pt) | ||
| 072 | _aH20 | ||
| 100 | 1 | _aBoff, P. | |
| 100 | 1 | _aVale, F.X.R. do | |
| 100 | 1 | _aZambolim, L. | |
| 100 | 1 | _aFontes, P.C.R. | |
| 245 | 1 | _aEpidemiologia comparativa da mancha-de-estenfilio (Stemphylium solani)e da pinta-preta (Alternaria solani), em dois sistemas de conducao do tomateiro | |
| 246 | 1 | _aComparative epidemiology of the gray-leaf-spot (Stemphylium solani)and early-blight (Alternaria solani)on two tomato conduction methods | |
| 650 | _aTOMATE | ||
| 650 | _aMANCHA DE ESTENFILUM | ||
| 650 | _aPINTA PRETA | ||
| 773 | 0 |
_tFitopatologia Brasileira (Brazil) _xISSN 0100-4158 _g(Mar 1991), v. 16(1) p. 104-109 _wBR9200779 |
|
| 909 |
_a202311 _bLúcia _c55 _dLúcia Elande |
||
| 942 |
_2AGRIS _n0 _cANA |
||
| 999 |
_c130807 _d130807 |
||